ბათუმის შოთა რუსთაველის სახელმწიფო უნივერსიტეტის ბიბლიოთეკა

Clinical Dentistry / (ბიბ.ჩანაწერი № 61773)

000 -LEADER
fixed length control field 00713nam a22002057a 4500
005 - DATE AND TIME OF LATEST TRANSACTION
control field 20240501115357.0
008 - FIXED-LENGTH DATA ELEMENTS--GENERAL INFORMATION
fixed length control field 240501s2007 enk||||| |||| 00| 0 eng d
020 ## - INTERNATIONAL STANDARD BOOK NUMBER
International Standard Book Number 9780443102110x
041 ## - LANGUAGE CODE
Language code of text/sound track or separate title eng
080 ## - UNIVERSAL DECIMAL CLASSIFICATION NUMBER
Universal Decimal Classification number 616.31-053 C-61
245 ## - TITLE STATEMENT
Title Clinical Dentistry /
Statement of responsibility, etc. Edited by Ivor G. Chestnutt, John Gibson.
250 ## - EDITION STATEMENT
Edition statement 3rd Edition
264 ## - PRODUCTION, PUBLICATION, DISTRIBUTION, MANUFACTURE, AND COPYRIGHT NOTICE
Place of production, publication, distribution, manufacture Edinburgh :
Name of producer, publisher, distributor, manufacturer Churchill Livingstone,
Date of production, publication, distribution, manufacture, or copyright notice 2007.
300 ## - PHYSICAL DESCRIPTION
Extent 592 p.:
Other physical details ill.;
Dimensions 19 cm.
653 ## - INDEX TERM--UNCONTROLLED
keyword კლინიკური სტომატოლოგია
653 ## - INDEX TERM--UNCONTROLLED
keyword მედიცინა
700 ## - ADDED ENTRY--PERSONAL NAME
Personal name Chestnutt, Ivor G.
Relator term რედაქტორი
9 (RLIN) 22012
700 ## - ADDED ENTRY--PERSONAL NAME
Personal name Gibson, John
Relator term რედაქტორი
9 (RLIN) 22013
942 ## - ADDED ENTRY ELEMENTS (KOHA)
Source of classification or shelving scheme
Koha item type წიგნი
ეგზემპლარები
Withdrawn status Lost status Source of classification or shelving scheme Damaged status Not for loan Permanent Location Current Location Shelving location Date acquired Cost, normal purchase price Full call number Barcode Date last seen Copy number Price effective from Koha item type Public note
          ბათუმის შოთა რუსთაველის სახელმწიფო უნივერსიტეტის მთავარი ბიბლიოთეკა ბათუმის შოთა რუსთაველის სახელმწიფო უნივერსიტეტის მთავარი ბიბლიოთეკა წიგნსაცავი 2024-05-01 84.00 616.31-053 C-61 67941 2024-05-01 67941 2024-05-01 წიგნი 84 ლ.